Từ điển yêu thích bầu trời và các vì sao

Сохранить в:
Библиографические подробности
Главный автор: Trịnh, Xuân Thuận
Формат:
Язык:Undetermined
Опубликовано: Hà Nội Tri Thức 2015
Предметы:
Метки: Добавить метку
Нет меток, Требуется 1-ая метка записи!
Thư viện lưu trữ: Trung tâm Học liệu Trường Đại học Cần Thơ
LEADER 00615nam a2200193Ia 4500
001 CTU_215330
008 210402s9999 xx 000 0 und d
020 |c 215000 
082 |a 520.3 
082 |b Th502 
100 |a Trịnh, Xuân Thuận 
245 0 |a Từ điển yêu thích bầu trời và các vì sao 
245 0 |c Trịnh Xuân Thuận ; Phạm Văn Thiều, Ngô Vũ (dịch) 
260 |a Hà Nội 
260 |b Tri Thức 
260 |c 2015 
650 |a Astronomy,Thiên văn học 
904 |i Nguyên 
980 |a Trung tâm Học liệu Trường Đại học Cần Thơ